LIBRARY & INFORMATION CENTRE, KCAET, TAVANUR

ONLINE PUBLIC ACCESS CATALOGUE (OPAC)

Higher engineering mathematics / (Record no. 248)

MARC details
000 -LEADER
fixed length control field 00319cam a2200133ua 4500
020 ## - INTERNATIONAL STANDARD BOOK NUMBER
ISBN 9788174091955
082 ## - DEWEY DECIMAL CLASSIFICATION NUMBER
Classification number 519.062
Item number GRE/HI
100 ## - MAIN ENTRY--AUTHOR NAME
Personal name Grewal, B S.
245 ## - TITLE STATEMENT
Title Higher engineering mathematics /
250 ## - EDITION STATEMENT
Edition statement 33 / 43
260 ## - PUBLICATION, DISTRIBUTION, ETC. (IMPRINT)
Place of publication New Delhi :
Name of publisher Khanna Publishers ,
Year of publication 2014
300 ## - PHYSICAL DESCRIPTION
Number of Pages 1315.
942 ## - ADDED ENTRY ELEMENTS (KOHA)
Koha item type Books
Holdings
Withdrawn status Lost status Damaged status Home library Current library Date acquired Full call number Accession Number Koha item type Collection code Shelving location Source of acquisition Cost, normal purchase price
      KAUAET KAUAET 19/03/1986 519.062 GRE/HI 15110 Books        
      KAUAET KAUAET 19/03/1986 519.062 GRE/HI 15114 Books        
      KAUAET KAUAET 27/06/2016 519.062 GRE/HI 24794 Books   General Stacks Dream Tech, Trivandrum 510.00
      KAUAET KAUAET 19/08/2016 519.062 GRE/HI BB 397 Book Bank scheme for SC students   Scheme Penta Books Distributors, Calicut. 625.00
free website counter